Sons and Lovers
Αποθηκεύτηκε σε:
| Κύριος συγγραφέας: | |
|---|---|
| Μορφή: | Βιβλίο |
| Γλώσσα: | Undetermined |
| Έκδοση: |
New York, Estados Unidos
Viking
1966
|
| Θέματα: | |
| Ετικέτες: |
Προσθήκη ετικέτας
Δεν υπάρχουν, Καταχωρήστε ετικέτα πρώτοι!
|
MARC
| LEADER | 00000nam a2200000Ia 4500 | ||
|---|---|---|---|
| 008 | 170316s9999 xx 000 0 und d | ||
| 040 | |a cru BVZT | ||
| 090 | |a 820 L-4so | ||
| 100 | |a Lawrence, D. H. | ||
| 245 | |a Sons and Lovers | ||
| 260 | |a New York, Estados Unidos | ||
| 260 | |b Viking | ||
| 260 | |c 1966 | ||
| 300 | |a 420 páginas | ||
| 650 | |a LITERATURA INGLESA | ||
| 999 | |c 6987 |d 6987 | ||
| 942 | |c 15 D |h 820 L-4so |2 z | ||
